Sports Quiz

Random Sports or NFL Quiz

NFL All-time Reception Leaders among Running Backs Quiz Stats

 Plays Quiz not verified by Sporcle

Challenge
Share
Tweet
Embed
Score 0/31 Timer 08:00
0 Plays Today
Receptions % Correct
767Marshall Faulk
92.3%
602*LaDainian Tomlinson
87%
424*Kevin Faulk
86.3%
515Emmitt Smith
79.5%
586Tiki Barber
78.6%
492Walter Payton
73.9%
587Marcus Allen
70.2%
484Curtis Martin
68.6%
510Warrick Dunn
65.3%
442Brian Westbrook
64.3%
433Edgerrin James
62.9%
546John Williams
58.3%
472Thurman Thomas
58.2%
467Ricky Watters
54%
566Roger Craig
50.8%
512Herschel Walker
47%
Receptions % Correct
400Richie Anderson
41.2%
827Larry Centers
40.6%
398Tony Dorsett
40.3%
512Earnest Byner
31.1%
419Charlie Garner
29.6%
610Keith Byars
19.9%
383James Brooks
15.4%
425Michael Pittman
14.7%
431James Wilder
14.3%
582Ronnie Harmon
8.8%
395Joe Washington
8.7%
383Tony Nathan
5.9%
408Rickey Young
5.1%
395Joe Morrison
3.3%
490Tony Galbreath
3%

You're not logged in!

Compare scores with friends on all Sporcle quizzes.
Join for Free
OR
Log In

You Might Also Like...

Show Comments

Extras

Top Quizzes Today


Score Distribution

Your Account Isn't Verified!

In order to create a playlist on Sporcle, you need to verify the email address you used during registration. Go to your Sporcle Settings to finish the process.

Report this User

Report this user for behavior that violates our Community Guidelines.

Details: